অজৈব রসায়ন / (Record no. 40091)
[ view plain ]
| 000 -LEADER | |
|---|---|
| fixed length control field | 00942nam a2200241 a 4500 |
| 001 - CONTROL NUMBER | |
| control field | 40091 |
| 003 - CONTROL NUMBER IDENTIFIER | |
| rucl marc code | BD-RjUL |
| 005 - DATE AND TIME OF LATEST TRANSACTION | |
| control field | 20211209053131.0 |
| 008 - FIXED-LENGTH DATA ELEMENTS--GENERAL INFORMATION | |
| fixed length control field | 160421s1981 bg ||||| |||| 00| 0 ben d |
| 020 ## - INTERNATIONAL STANDARD BOOK NUMBER | |
| Terms of availability | : Tk.55.00 |
| 035 ## - SYSTEM CONTROL NUMBER | |
| System control number | (BD-RjUL)40206 |
| 040 ## - CATALOGING SOURCE | |
| Original cataloging agency | BD-RjUL |
| Language of cataloging | ben |
| Transcribing agency | BD-RjUL |
| 041 ## - LANGUAGE CODE | |
| Language code of text/sound track or separate title | ben |
| 082 ## - DEWEY DECIMAL CLASSIFICATION NUMBER | |
| Edition number | 23 |
| Classification number | 546 |
| Author mark and year | AHA 1981 |
| 100 ## - MAIN ENTRY--PERSONAL NAME | |
| Personal name | আহ্মেদ, এ. কে. সামছ্উদ্দিন |
| 9 (RLIN) | 123460 |
| 245 ## - TITLE STATEMENT | |
| Title | অজৈব রসায়ন / |
| Statement of responsibility, etc. | এ. কে. সামছ্উদ্দিন আহ্মেদ |
| 260 ## - PUBLICATION, DISTRIBUTION, ETC. (IMPRINT) | |
| Place of publication, distribution, etc. | ঢাকা : |
| Name of publisher, distributor, etc. | বাংলা একাডেমী, |
| Date of publication, distribution, etc. | ১৯৮১ [মুদ্রণ ১৯৮২] |
| 300 ## - PHYSICAL DESCRIPTION | |
| Pagination | [৩], ৭৮৫ পৃ. : |
| Illustrations | চিত্র ; |
| Size | ২১ সে.মি. |
| 500 ## - GENERAL NOTE | |
| General note | [বি. এস-সি. পাস মানের] |
| 650 ## - SUBJECT ADDED ENTRY--TOPICAL TERM | |
| Topical term or geographic name as entry element | রসায়ন, অজৈব |
| 9 (RLIN) | 123151 |
| Topical term or geographic name as entry element | Chemistry, Inorganic |
| 9 (RLIN) | 123152 |
| 942 ## - ADDED ENTRY ELEMENTS (KOHA) | |
| Source of classification or shelving scheme | Dewey Decimal Classification |
| Koha item type | Books |
| Lost status | Source of classification or shelving scheme | Damaged status | Not for loan | Collection code | Permanent Location | Current Location | Shelving location | Date acquired | Source of acquisition | Cost, normal purchase price | Total Checkouts | Full call number | Date last seen | Copy number | Koha item type |
|---|---|---|---|---|---|---|---|---|---|---|---|---|---|---|---|
| Dewey Decimal Classification | Not For Loan | Non-fiction | Central Library, University of Rajshahi | Central Library, University of Rajshahi | Reading Room | 07/08/1984 | Impriyal books, Rajshahi. | 55.00 | B 546 AHA 1981 | 21/04/2016 | C-1 | Books | |||
| Dewey Decimal Classification | Non-fiction | Central Library, University of Rajshahi | Central Library, University of Rajshahi | 03/07/1983 | Aligor Library, Rajshahi | 55.00 | B 546 AHA 1981 | 17/08/2016 | C-4 | Books | |||||
| Dewey Decimal Classification | Non-fiction | Central Library, University of Rajshahi | Central Library, University of Rajshahi | 07/08/1984 | Imprial books, Rajshahi | 55.00 | B 546 AHA 1981 | 18/08/2016 | C-5 | Books | |||||
| Dewey Decimal Classification | Non-fiction | Central Library, University of Rajshahi | Central Library, University of Rajshahi | 07/08/1984 | Emproal book .Rajshahi | 55.00 | B 546 AHA 1981 | 20/08/2016 | C-6 | Books | |||||
| Dewey Decimal Classification | Non-fiction | Central Library, University of Rajshahi | Central Library, University of Rajshahi | 07/08/1984 | Imprial books,rajshahi | 55.00 | B 546 AHA 1981 | 20/08/2016 | C-7 | Books | |||||
| Dewey Decimal Classification | Non-fiction | Central Library, University of Rajshahi | Central Library, University of Rajshahi | 07/08/1984 | Imprial books,rajshahi | B 546 AHA 1981 | 22/08/2016 | C-8 | Books | ||||||
| Dewey Decimal Classification | Non-fiction | Central Library, University of Rajshahi | Central Library, University of Rajshahi | 03/07/1983 | Aligash library, Rajshahi | 55.00 | B 546 AHA 1981 | 19/09/2016 | C-9 | Books | |||||
| Dewey Decimal Classification | Non-fiction | Central Library, University of Rajshahi | Central Library, University of Rajshahi | 07/08/1984 | Impirial books,Rajshahi | 55.00 | B 546 AHA 1981 | 21/09/2016 | C-10 | Books | |||||
| Dewey Decimal Classification | Non-fiction | Central Library, University of Rajshahi | Central Library, University of Rajshahi | 03/07/1983 | Aligarh library, Rajshahi | 55.00 | B 546 AHA 1982 | 29/10/2016 | C-3 | Books | |||||
| Dewey Decimal Classification | Non-fiction | Central Library, University of Rajshahi | Central Library, University of Rajshahi | 29/12/1984 | Bangla Academy, Dhaka | 55.00 | B 546 AHA 1981 | 27/11/2016 | C-2 | Books |